Jojo Siwa - Statistiques

Statistiques générales
  • Ce quiz a été pris 23 fois
  • Le résultat moyen est 3 sur 15
Answers on the Grid
Answers color-coded by a green-red scale on the quiz's grid according to % correct below.
Karma
Bitch
D.R.E.A.M
Rainbow
Boomerang
Badass
Choose ur fighter
S.W.A.G
Guilty pleasure
Pride
Every girl's a super girl
Cool kid
Kid in a candy store
Love is blind
Nobody can change me
Everyone can change me
Bop
Flop
Balance baby
Getting older
Only getting better
Christmass cake
Run run Rudolf
I wanna fart
Back to that girl
Back to the store
Non stop
Six feet under
Worldwide party
A l'international
 
Statistiques - réponses
Réponse % Correct
Karma
50%
D.R.E.A.M
43%
Boomerang
29%
Choose ur fighter
21%
Guilty pleasure
21%
Back to that girl
14%
Balance baby
14%
Every girl's a super girl
14%
Kid in a candy store
14%
Non stop
14%
Bop
7%
Nobody can change me
7%
Only getting better
7%
Run run Rudolf
7%
Worldwide party
7%
Aucun quiz correspondant
Distribution des résultats
% des personnes avec chaque résultat
Percentile par nombre de réponses
Votre historique - résultats
Vous n’avez pas pris ce quiz